Հայ կամավորական շարժումը 1914-1916 թվականներին և հայ յեղափոխական դաշնակցությունը / (Record no. 290931)
[ view plain ]
| 000 -LEADER | |
|---|---|
| fixed length control field | 00855nam a2200229 u 4500 |
| 001 - CONTROL NUMBER | |
| control field | 000799007 |
| 003 - CONTROL NUMBER IDENTIFIER | |
| control field | AM-YeHGA |
| 005 - DATE AND TIME OF LATEST TRANSACTION | |
| control field | 20250617144250.0 |
| 008 - FIXED-LENGTH DATA ELEMENTS--GENERAL INFORMATION | |
| fixed length control field | 110328s2011 ai r 000 0 arm d |
| 020 ## - INTERNATIONAL STANDARD BOOK NUMBER | |
| International Standard Book Number | 9789939903323 |
| 040 ## - CATALOGING SOURCE | |
| Original cataloging agency | AM-YeHGA |
| 041 0# - LANGUAGE CODE | |
| Language code of text/sound track or separate title | arm |
| 090 ## - LOCALLY ASSIGNED LC-TYPE CALL NUMBER (OCLC); LOCAL CALL NUMBER (RLIN) | |
| -- | 292610 |
| 100 1# - MAIN ENTRY--PERSONAL NAME | |
| Personal name | Նազարյան, Արամ Սրապիոնի |
| 245 10 - TITLE STATEMENT | |
| Title | Հայ կամավորական շարժումը 1914-1916 թվականներին և հայ յեղափոխական դաշնակցությունը / |
| Statement of responsibility, etc. | Արամ Նազարյան. |
| 260 ## - PUBLICATION, DISTRIBUTION, ETC. | |
| Place of publication, distribution, etc. | Երևան : |
| Name of publisher, distributor, etc. | Հայ Դատ, |
| Date of publication, distribution, etc. | 2011. |
| 300 ## - PHYSICAL DESCRIPTION | |
| Extent | 64 էջ : |
| Other physical details | նկ. |
| 440 #0 - SERIES STATEMENT/ADDED ENTRY--TITLE | |
| Title | "Հայ Դատ" մատենաշար |
| Volume/sequential designation | 2 |
| 650 14 - SUBJECT ADDED ENTRY--TOPICAL TERM | |
| Topical term or geographic name entry element | Հայոց պատմություն |
| 650 14 - SUBJECT ADDED ENTRY--TOPICAL TERM | |
| Topical term or geographic name entry element | Հայ կամավորական շարժում |
| 650 14 - SUBJECT ADDED ENTRY--TOPICAL TERM | |
| Topical term or geographic name entry element | Հայ Հեղափոխական Դաշնակցություն |
| Withdrawn status | Lost status | Damaged status | Not for loan | Collection | Home library | Current library | Date acquired | Cost, normal purchase price | Shelving control number | Total checkouts | Full call number | Barcode | Date last seen | Price effective from | Koha item type | Public note |
|---|---|---|---|---|---|---|---|---|---|---|---|---|---|---|---|---|
| General | Fundamental Scientific Library | Fundamental Scientific Library | 29/12/2016 | 1000.00 | AII/96538 | FL0186417 | 29/12/2016 | 29/12/2016 | Գրքեր / Books | 30 Days Loan | ||||||
| General | Fundamental Scientific Library | Fundamental Scientific Library | 29/12/2016 | 1000.00 | AII/96539 | FL0186416 | 29/12/2016 | 29/12/2016 | Գրքեր / Books | 30 Days Loan | ||||||
| General | Fundamental Scientific Library | Fundamental Scientific Library | 29/12/2016 | 1000.00 | AII/96540 | FL0186415 | 29/12/2016 | 29/12/2016 | Գրքեր / Books | 30 Days Loan |
ՀՀ Գիտությունների ազգային ակադեմիայի հիմնարար գիտական գրադարան = Fundamental Scientific Library of NAS RA
All site content, except where otherwise noted, is licensed under a